| 000 | 00454nam a2200169Ia 4500 | ||
|---|---|---|---|
| 008 | 230917s9999||||xx |||||||||||||| ||und|| | ||
| 020 | _cRS450 | ||
| 040 |
_e234955 _aMAIN |
||
| 041 | _aEnglish | ||
| 082 | _a621.4021 V559B | ||
| 100 | _aVenkatesh, A | ||
| 245 | 0 | _aBasic engineering thermodynamics | |
| 260 |
_aHyderabad _bUniversities Press _c2013 |
||
| 300 | _ax, 485 p. | ||
| 500 | _a2395 30/09/2016 HBD16/6692 07/10/2016 UIET (SFS) | ||
| 942 | _cBK | ||
| 999 |
_c19259 _d19259 |
||